Medzinárodné stratégie ako jedno z východísk hospodárskej krízy

Pojem medzinárodné stratégie. Členenie medzinárodných stratégií. Uplatňovanie stratégií vstupu a spracovanie zahraničného trhu. Stratégie cieľového trhu. Timing stratégie. Alokačné stratégie. Stratégie výkonu.

Saved in:
Bibliographic Details
Main Author: Sršňová, Jana
Other Authors: Füzyová, Ľubica
Format: Book Chapter
Language:Slovak
Subjects:
Tags: Add Tag
No Tags, Be the first to tag this record!

MARC

LEADER 00000naa$a2200000$$$4500
001 0111739
005 20240502072234.3
041 0 |a slo 
044 |a SK 
245 1 0 |a Medzinárodné stratégie ako jedno z východísk hospodárskej krízy  |c Jana Sršňová, Ľubica Füzyová 
520 |a Pojem medzinárodné stratégie. Členenie medzinárodných stratégií. Uplatňovanie stratégií vstupu a spracovanie zahraničného trhu. Stratégie cieľového trhu. Timing stratégie. Alokačné stratégie. Stratégie výkonu. 
610 2 0 |a manažment strategický 
610 2 0 |a riadenie strategické 
610 2 0 |a trh medzinárodný 
610 2 0 |a zastupiteľstvá obchodné 
610 2 0 |a spoločnosti materské 
610 2 0 |a spoločnosti dcérske 
610 2 0 |a náklady 
610 2 0 |a úspory 
610 2 0 |a flexibilita 
100 1 |a Sršňová, Jana 
700 1 |a Füzyová, Ľubica